00258cam a22000971 4500082001600000100002100016245004400037260003600081300002300117650002000140 a541.369 KLO1 aKlotz, Irving M.10aIntroduction to chemical thermodynamics aNew York,bW.A. Benjaminc1964. aix, 244 p.billus. 0aThermodynamics.